| 000 | 00951nam a2200193Ia 4500 | ||
|---|---|---|---|
| 008 | 0000001998 pr a 0000000000spa00 | ||
| 090 | _aPSP00 L66t | ||
| 100 | 1 | _aLópez, Luis F. | |
| 245 | 1 | 3 |
_aTe veo no te veo _b: Eloisa Grau _c/ Texto del pintor Luis F. López |
| 300 |
_a1 plegable [6] p. _c/ 28 cm. |
||
| 500 | _aArtista nacida en Granada, España, vive en Puerto Rico desde 1968 \ Exposición realizada en la Galería de Arte Universidad Interamericana de San Juan de Puerto Rico entre el 21 de abirl y el 3 de mayo de 1998 \ Incluye datos biográficos y cronología artística \ Donación del Sr. Mauricio Mayorga, 2015 | ||
| 600 | 0 | 0 |
_a GRAU CONTRERAS, ELOISA/ _xTRABAJOS PICTORICOS |
| 650 | 1 | 4 | _a PINTURA ESPAÑOLA |
| 650 | 1 | 4 | _aARTE CONTEMPORANEO ESPAÑOL |
| 650 | 1 | 4 | _xCATALOGOS |
| 650 | 1 | 4 | _xEXPOSICIONES |
| 650 | 1 | 4 | _aPINTORES ESPAÑOLES |
| 999 |
_c16061 _d16061 |
||
| 260 |
_a<San Juan> : Universidad Interamericana de Puerto Rico _c1998 |
||